Gendering the reader

Αποθηκεύτηκε σε:
Λεπτομέρειες βιβλιογραφικής εγγραφής
Άλλοι συγγραφείς: Mills, Sara 1954- (Επιμελητής έκδοσης)
Μορφή: Βιβλίο
Γλώσσα:English
Δημοσίευση: New York : Harvester Wheatsheaf, c1994
Θέματα:
Ετικέτες: Προσθήκη ετικέτας
Δεν υπάρχουν, Καταχωρήστε ετικέτα πρώτοι!

MARC

LEADER 00000nam a2200000 i 4500
001 1/70782
008 990226s1994 eng d
020 |a 0-7450-1130-6 
035 |l 10048187 
040 |a GR-MY-UA  |b gre  |e aacr 
041 0 |a eng 
082 0 |a 809.89287 
245 1 0 |a Gendering the reader /  |c edited by Sara Mills 
260 |a New York :   |b Harvester Wheatsheaf,   |c c1994 
300 |a 260 p. 
504 |a Includes bibliographical references and index 
650 0 0 |a Feminist criticism. 
650 0 0 |a Women and literature. 
650 0 0 |a Women in literature. 
700 1 |a Mills, Sara  |d 1954-  |4 edt 
852 |a INST  |b LESVOS  |e 19990226  |h 809.89287 GEN  |p 005100016760  |q 005100016760  |t BK  |y 0 
901 |a BIBL-1999-1 
909 |a Λ  |b 061261 
922 |a 1ΕΛΗ  |b 199811  |c ΚΠΣ/ΤΚ  |d ΠΑΠΑΣΩΤΗΡΙΟΥ 
950 |a 103-1998-07-27